|
|
|
|
| LEADER |
00000nam0a2200000 4500 |
| 001 |
307775 |
| 005 |
20231102002027.0 |
| 035 |
|
|
|a (RuTPU)RU\TPU\book\333080
|
| 090 |
|
|
|a 307775
|
| 100 |
|
|
|a 20151026d1981 m y0rusy50 ca
|
| 101 |
0 |
|
|a rus
|
| 102 |
|
|
|a RU
|
| 105 |
|
|
|a a z 000zy
|
| 200 |
1 |
|
|a Живопись первой пятилетки. Художник и время
|f сост. А. Г. Федотова
|
| 210 |
|
|
|a Ленинград
|c Художник РСФСР
|d 1981
|
| 215 |
|
|
|a 29 с.
|c ил.
|
| 606 |
1 |
|
|a Живопись
|2 stltpush
|3 (RuTPU)RU\TPU\subj\73461
|9 86457
|
| 610 |
1 |
|
|a художники
|
| 610 |
1 |
|
|a СССР
|
| 610 |
1 |
|
|a история
|
| 610 |
1 |
|
|a 20 век
|
| 610 |
1 |
|
|a пятилетки
|
| 610 |
1 |
|
|a индустриализация
|
| 610 |
1 |
|
|a Октябрьская революция 1917
|
| 610 |
1 |
|
|a портретная живопись
|
| 610 |
1 |
|
|a натюрморты
|
| 610 |
1 |
|
|a альбомы
|
| 675 |
|
|
|a 75(084)
|v 4
|
| 702 |
|
1 |
|a Федотова
|b А. Г.
|g Алла Григорьевна
|4 220
|
| 801 |
|
1 |
|a RU
|b 63413507
|c 20151026
|
| 801 |
|
2 |
|a RU
|b 63413507
|c 20191023
|g RCR
|
| 942 |
|
|
|c BK
|